000 00454cam a2200181ua 4500
020 _c8.60
041 _aeng
_h
082 _a330.1
_bROB/EC
100 _aRobbins, Lionel .
245 _aEconomic problem in peace and war /
_cLionel Robbins.
_hTextual Documents
250 _a1 /
_b.
260 _aLondon :
_bMacMillan and Company Limited ,
_c1957.
300 _a86 ; .
365 _a8.60
504 _a
942 _cBK
999 _c2075
_d2075